Statistiques concernant États des États-Unis ayant des noms courts

Cliquez ici pour prendre le quiz!

Statistiques générales

  • Ce quiz a été pris 8,508 fois
  • Le résultat moyen est 5 sur 7

Statistiques - réponses

État % Correct
Ohio
85%
Iowa
78%
Utah
74%
Maine
69%
Texas
69%
Idaho
63%
Hawaï
50%

Distribution des résultats

Percentile par nombre de réponses

% des personnes avec chaque résultat

Votre développement - résultats

Vous n’avez pas pris ce quiz